Largest Countries and Empires by GDP (Late 20th Century) - Statistics

General Stats
  • This quiz has been taken 120 times
    43 since last reset
  • The average score is 41 of 45
Answer Stats
1950 % Correct
3 United Kingdom Western Europe
100%
5 United Kingdom Western Europe
100%
6 United Kingdom Western Europe
100%
4 France Western Europe
97%
6 France Western Europe
97%
7 France Western Europe
97%
1 United States Northern America
97%
1 United States Northern America
97%
1 United States Northern America
97%
2 Soviet Union Eastern Europe
94%
2 Soviet Union Eastern Europe
94%
4 Soviet Union Eastern Europe
94%
15 Australia Oceania
91%
12 Brazil South America
91%
10 Brazil South America
91%
10 Brazil South America
91%
10 Canada Northern America
91%
12 Canada Northern America
91%
11 Canada Northern America
91%
5 China East Asia
91%
4 China East Asia
91%
3 China East Asia
91%
7 Italy Southern Europe
91%
8 Italy Southern Europe
91%
9 Italy Southern Europe
91%
3 Japan East Asia
91%
2 Japan East Asia
91%
14 Mexico Central America
91%
13 Mexico Central America
91%
12 Mexico Central America
91%
14 Spain Southern Europe
91%
13 Spain Southern Europe
91%
11 Argentina South America
88%
15 Argentina South America
88%
6 India South Asia
88%
9 India South Asia
88%
5 India South Asia
88%
13 Indonesia Southeast Asia
88%
14 Indonesia Southeast Asia
88%
9 East Germany Central Europe
82%
11 East Germany Central Europe
82%
15 East Germany Central Europe
82%
8 West Germany Central Europe
82%
7 West Germany Central Europe
82%
8 West Germany Central Europe
82%
No matching quizzes found
Score Distribution
Percent of People with Each Score
Percentile by Number Answered
Your Score History
You have not taken this quiz since the last reset